000 00817nam a22003010a 4500
001 PT54371
003 AR-LpoUNG
005 20210131231623.0
008 191001s2014||||ag |||||||||||||||||spa d
020 _a9789876021043
_c$9,45
040 _aAR-LpoUNG
_bspa
_cAR-LpoUNG
_eaacr
041 _aspa
044 _aag
082 0 _a808.068 3 577arb
100 1 _aAndruetto, María Teresa
245 1 3 _aEl árbol de lilas
250 _a2da. ed., 4ta. reimpr.
260 _aCórdoba :
_bComunicarte,
_c2014.
300 _a24 p. :
_bil.
505 0 _aSugerido a partir de 10 años (etiqueta VIOLETA)
650 4 _aCUENTOS
650 4 _aLITERATURA
651 4 _aDOCUMENTOS TEORICOS O METODOLOGICOS
653 _aLITERATURA INFANTIL
700 1 _aMenéndez, Liliana
_eil.
905 _a54371
942 _cLIB
999 _c11045
_d11045